[Event "AUTO-INT-944"]
[Site "http://www.queenalice.com/game.php?id=423541"]
[Date "2008.6.26"]
[Round "1"]
[White "showman"]
[Black "NEUSCHWANSTEIN"]
[Result "1-0"]
[WhiteElo "1480"]
[BlackElo "1679"]

1. e4 e5 2. Nf3 Nc6 3. Bb5 Bc5 4. d3 d6 5. h3 Bd7 6. Nc3 Bb4 7. Bd2 Nd4 8. Nxd4
c6 9. Bc4 c5 10. Nb3 Nf6 11. Qf3 Bc6 12. a3 Bxc3 13. Bxc3 b5 14. Bd5 Bxd5 15.
exd5 O-O 16. O-O-O b4 17. axb4 cxb4 18. Bxb4 Rb8 19. c3 a5 20. Nxa5 Re8 21. Nc6
Qb6 22. Nxb8 Qxb8 23. Rhe1 Qb7 24. Bxd6 Nxd5 25. Bxe5 Ra8 26. c4 Ra2 27. Qxd5
Qb3 28. Qd8# 1-0

[Event "AUTO-INT-944"]
[Site "http://www.queenalice.com/game.php?id=423542"]
[Date "2008.6.26"]
[Round "1"]
[White "NEUSCHWANSTEIN"]
[Black "showman"]
[Result "1-0"]
[WhiteElo "1664"]
[BlackElo "1561"]

1. e4 e5 2. Nf3 Nc6 3. Bc4 h6 4. d4 exd4 5. Nxd4 Qf6 6. O-O Nxd4 7. e5 Qh4 8. c3
Nf5 9. Qd5 Qe7 10. Ba6 c6 11. Qd3 bxa6 12. Qxf5 d5 13. Qd3 Qxe5 14. f4 Qh5 15.
Be3 Bf5 16. Qd4 Be4 17. Nd2 c5 18. Qa4+ Kd8 19. c4 Qg6 20. g3 Qg4 21. Rf2 Rb8
22. Nxe4 dxe4 23. Rd1+ Ke7 24. Bxc5+ Kf6 25. Qc6+ Kf5 26. Rd5# 1-0

[Event "AUTO-INT-944"]
[Site "http://www.queenalice.com/game.php?id=423559"]
[Date "2008.6.26"]
[Round "1"]
[White "Borsssoi"]
[Black "NEUSCHWANSTEIN"]
[Result "1-0"]
[WhiteElo "1550"]
[BlackElo "1739"]

1. d3 e5 2. e4 Qf6 3. f3 Bc5 4. Qe2 Ne7 5. Bd2 Qb6 6. Nh3 Qxb2 7. Bc3 Bb4 8.
Bxb4 Qxa1 9. Bc3 Qxb1+ 10. Qd1 Qxa2 11. Qa1 Qxc2 12. Bxe5 d6 13. Bxg7 Rg8 14.
Bb2 Rxg2 15. Qc1 Rxh2 16. Qxc2 Rxc2 17. Bf6 Nbc6 18. Kd1 Ra2 19. Ng5 1-0

[Event "AUTO-INT-944"]
[Site "http://www.queenalice.com/game.php?id=423560"]
[Date "2008.6.26"]
[Round "1"]
[White "NEUSCHWANSTEIN"]
[Black "Borsssoi"]
[Result "0-1"]
[WhiteElo "1665"]
[BlackElo "1574"]

1. e4 e5 2. Nf3 Nc6 3. Bc4 b6 4. d3 Nf6 5. Bg5 Be7 6. c3 d5 7. Bb5 Bd7 8. exd5
Na5 9. b4 Bxb5 10. bxa5 Qxd5 11. O-O bxa5 12. c4 Bxc4 13. dxc4 Qxd1 14. Rxd1 O-O
15. Nxe5 h6 16. Bxf6 Bxf6 17. Re1 Rfe8 18. f4 g5 19. g3 gxf4 20. gxf4 Bh4 0-1

[Event "Challenge"]
[Site "http://www.queenalice.com/game.php?id=446448"]
[Date "2008.8.9"]
[Round "-"]
[White "Andre_Bidu"]
[Black "NEUSCHWANSTEIN"]
[Result "1-0"]
[WhiteElo "1901"]
[BlackElo "1575"]

1. e4 e5 2. Nf3 Nc6 3. d4 exd4 4. Nxd4 Bc5 5. Nb3 Nf6 6. Nxc5 O-O 7. Bg5 d6 8.
Bxf6 Qxf6 9. Nd3 Ne5 10. Nc3 Bg4 11. f3 Bxf3 12. Nd5 Bxd1 13. Nxf6+ gxf6 14.
Rxd1 c5 15. Nxe5 fxe5 16. Rxd6 b5 17. Bxb5 Rab8 18. a4 c4 19. O-O Rbc8 20. Rd7
c3 21. b3 Rcd8 22. Rfd1 Rb8 23. Rxa7 Rfd8 24. Rf1 Rf8 25. Bc4 Rbd8 26. Bxf7+ Kh8
27. Bd5 Rg8 28. Bxg8 Rxg8 29. Rff7 1-0

[Event "AUTO-OPEN-1107"]
[Site "http://www.queenalice.com/game.php?id=465439"]
[Date "2008.9.19"]
[Round "2"]
[White "NEUSCHWANSTEIN"]
[Black "whyBish"]
[Result "0-1"]
[WhiteElo "1686"]
[BlackElo "2177"]

1. e4 c5 2. Nf3 g6 3. Bc4 Bg7 4. Ng5 e6 5. O-O Qxg5 6. d3 Qd8 7. c3 Ne7 8. d4
cxd4 9. cxd4 O-O 10. e5 Nbc6 11. Nc3 a6 12. d5 Nxe5 13. b3 Nxc4 14. Bg5 Bxc3 15.
Rc1 Nb2 0-1

[Event "AUTO-OPEN-1107"]
[Site "http://www.queenalice.com/game.php?id=465440"]
[Date "2008.9.19"]
[Round "2"]
[White "whyBish"]
[Black "NEUSCHWANSTEIN"]
[Result "1-0"]
[WhiteElo "2176"]
[BlackElo "1686"]

1. d4 d5 2. c4 Nf6 3. cxd5 Nxd5 4. e4 Nf6 5. Nc3 e6 6. Nf3 Bb4 7. Bd3 O-O 8. O-O
Bxc3 9. bxc3 b6 10. Bg5 Bb7 11. e5 Nbd7 12. exf6 Nxf6 13. Ne5 h6 14. Bh4 Qd5 15.
f3 c5 16. Bxf6 1-0

[Event "AUTO-OPEN-1107"]
[Site "http://www.queenalice.com/game.php?id=465441"]
[Date "2008.9.19"]
[Round "2"]
[White "NEUSCHWANSTEIN"]
[Black "FPM"]
[Result "0-1"]
[WhiteElo "1674"]
[BlackElo "1888"]

1. e4 d5 2. Nf3 dxe4 3. Nd4 Nf6 4. d3 Qxd4 5. Be3 Qxb2 6. Nd2 exd3 7. Bxd3 Bg4
8. Be2 Bxe2 9. Kxe2 e6 10. Re1 Bd6 11. Kf1 O-O 0-1

[Event "AUTO-OPEN-1107"]
[Site "http://www.queenalice.com/game.php?id=465442"]
[Date "2008.9.19"]
[Round "2"]
[White "FPM"]
[Black "NEUSCHWANSTEIN"]
[Result "1-0"]
[WhiteElo "1880"]
[BlackElo "1686"]

1. e4 e5 2. Nf3 Nc6 3. Bb5 Nf6 4. O-O Nxe4 5. Bxc6 dxc6 6. d3 Nf6 7. Nxe5 Bd6 8.
d4 O-O 9. Bg5 Bxe5 10. dxe5 Bg4 11. f3 Nd5 12. Bxd8 1-0

[Event "AUTO-INT-1127"]
[Site "http://www.queenalice.com/game.php?id=504095"]
[Date "2008.12.6"]
[Round "1"]
[White "NEUSCHWANSTEIN"]
[Black "QuinhoFogo"]
[Result "0-1"]
[WhiteElo "1553"]
[BlackElo "1801"]

1. e4 e5 2. Nf3 Nc6 3. Bb5 Nf6 4. d3 Bc5 5. h3 O-O 6. Ng5 a6 7. Bxc6 bxc6 8. O-O
h6 9. Nf3 d6 10. Be3 Bxe3 11. fxe3 c5 12. d4 cxd4 13. exd4 Nxe4 14. Nc3 Nxc3 15.
bxc3 Rb8 16. Qd3 Bb7 17. dxe5 Bxf3 18. Qxf3 dxe5 19. g4 c6 20. Rae1 Qb6+ 21. Kg2
f6 22. h4 Rbd8 23. g5 Rd2+ 24. Re2 Rxe2+ 25. Kg3 Re3 26. Rb1 Rxf3+ 27. Kxf3
fxg5+ 0-1

[Event "AUTO-INT-1127"]
[Site "http://www.queenalice.com/game.php?id=504096"]
[Date "2008.12.6"]
[Round "1"]
[White "QuinhoFogo"]
[Black "NEUSCHWANSTEIN"]
[Result "1-0"]
[WhiteElo "1735"]
[BlackElo "1572"]

1. e4 e5 2. Nf3 Nc6 3. Bb5 d6 4. O-O d5 5. Nxe5 a6 6. Bxc6+ bxc6 7. Qf3 f6 8.
Ng4 Be7 9. d4 Nh6 10. Nxh6 gxh6 11. Qh5+ Kd7 12. Bxh6 a5 13. e5 Ba6 14. Qf5+ Ke8
15. e6 Bxf1 16. Qh5# 1-0

[Event "AUTO-INT-1127"]
[Site "http://www.queenalice.com/game.php?id=504097"]
[Date "2008.12.6"]
[Round "1"]
[White "NEUSCHWANSTEIN"]
[Black "daniel0176"]
[Result "0-1"]
[WhiteElo "1563"]
[BlackElo "1710"]

1. e4 Nf6 2. e5 Nd5 3. Nf3 Nc6 4. Bc4 Nf4 5. Ng5 Nxe5 6. d3 e6 7. Bxf4 Ng6 8.
O-O Nxf4 9. Qf3 Qxg5 10. g3 Bd6 11. h4 Qg6 12. Nd2 Be5 13. c3 O-O 14. d4 Bd6 15.
Kh1 f5 16. gxf4 Qh6 17. d5 Qxh4+ 18. Kg2 Bxf4 19. Rh1 Qg5+ 20. Kf1 Bxd2 21. dxe6
dxe6 22. Rg1 Qh6 23. Ke2 Bg5 24. Rh1 Bh4 25. Rag1 g5 26. Kd2 Rd8+ 27. Kc2 Kh8
28. Re1 Rb8 29. Re5 g4 30. Qe2 Re8 31. Rxf5 Bd7 0-1

[Event "AUTO-INT-1127"]
[Site "http://www.queenalice.com/game.php?id=504098"]
[Date "2008.12.6"]
[Round "1"]
[White "daniel0176"]
[Black "NEUSCHWANSTEIN"]
[Result "1-0"]
[WhiteElo "1566"]
[BlackElo "1592"]

1. d4 d5 2. Nc3 Nc6 3. Nf3 e6 4. e3 Bb4 5. Bd2 Nf6 6. a3 Bxc3 7. Bxc3 O-O 8. Bd3
a6 9. O-O Qd6 10. Ne5 Nxe5 11. dxe5 Qc6 12. exf6 gxf6 13. Qg4+ Kh8 14. Bxf6# 1-0